| 000 | 01555 a2200289 4500 | ||
|---|---|---|---|
| 003 | Nust | ||
| 005 | 20230217120826.0 | ||
| 010 | _a 2006278250 | ||
| 020 | _a0309096006 | ||
| 035 | _a(OCoLC)ocm69267791 | ||
| 040 | _cNust | ||
| 082 | 0 | 0 | _a359.3,NAT |
| 110 | 2 |
_aNational Research Council (U.S.). _920017 |
|
| 245 | 1 | 0 |
_aC4ISR for future naval strike groups / _cCommittee on C4ISR for Future Naval Strike Groups ; Naval Studies Board ; Division on Engineering and Physical Sciences ; National Research Council of the National Academies. |
| 260 |
_aWashington, D.C. : _bNational Academies Press, _cc2006. |
||
| 300 |
_axviii, 282 p. : _bill. ; _c23 cm. |
||
| 505 | _aThe Secuirty Context for Furture Naval Force (Page-15), Principle Naval Missions and C4ISR Impact (Page-41), Architecting and Building the Naval C4ISR System (Page-70), Command and Control System (Page-104), Computers (Page-132), Communication (Page-151), Intelligence Surveillance and Reconnaissance (Page-175). | ||
| 610 | 1 | 0 |
_aUnited States. _bNavy _xOperational readiness. _9109206 |
| 650 | 0 |
_aCommand and control systems _zUnited States. _9109207 |
|
| 650 | 0 |
_aMilitary intelligence. _948697 |
|
| 650 | 0 |
_aMilitary surveillance. _999326 |
|
| 650 | 0 |
_aNaval reconnaissance. _9109208 |
|
| 710 | 2 |
_aNational Research Council (U.S.). _bDivision on Engineering and Physical Sciences. _9109209 |
|
| 710 | 2 |
_aNational Research Council (U.S.). _bNaval Studies Board. _9109210 |
|
| 856 | 4 | 1 |
_3Table of contents only _uhttp://www.loc.gov/catdir/toc/fy0703/2006278250.html |
| 942 |
_cREF _2ddc |
||
| 999 |
_c212521 _d212521 |
||